00503nam a2200109Ia 4500008004100000050002400041100002800065245016400093260008600257300002800343521002200371140724s9999 xx 000 0 und d aLB 1065b.C322 2010 aCartagena, Fer Carlo J. aTelevision viewing and its significance on the study habit of the grade 3 and 4 SpEd Students of Children of Isaac Learning Academy /cFer Carloi J. Cartegana. aLas Piñas, Philippines :bSouthville International School and Colleges,cc2010. a45 p. :bill. ;c28 cm. aSpecial Education